NFC East Winners Since 2000 - Statistics

General Stats
  • This quiz has been taken 15 times
  • The average score is 81 of 429
Answer Stats
Hint Answer % Correct
2007 Cowboys
100%
2009 Cowboys
100%
2014 Cowboys
100%
2016 Cowboys
100%
2018 Cowboys
100%
2021 Cowboys
100%
2023 Cowboys
100%
2001 Eagles
100%
2002 Eagles
100%
2003 Eagles
100%
2004 Eagles
100%
2006 Eagles
100%
2010 Eagles
100%
2013 Eagles
100%
2017 Eagles
100%
2019 Eagles
100%
2022 Eagles
100%
2024 Eagles
100%
2000 Giants
100%
2005 Giants
100%
2008 Giants
100%
2011 Giants
100%
2012 Redskins
86%
2015 Redskins
86%
2020 Redskins
86%
2001 0-1
14%
2002 0-1
14%
2003 0-1
14%
2010 0-1
14%
2011 0-1
14%
2014 0-1
14%
2015 0-1
14%
2016 0-1
14%
2018 0-1
14%
2021 0-1
14%
2003 0-2
14%
2000 1-0
14%
2004 1-0
14%
2005 1-0
14%
2006 1-0
14%
2007 1-0
14%
2008 1-0
14%
2009 1-0
14%
2012 1-0
14%
2013 1-0
14%
2017 1-0
14%
2019 1-0
14%
2020 1-0
14%
2022 1-0
14%
2023 1-0
14%
2024 1-0
14%
2004 10-1
14%
2007 10-1
14%
2008 10-1
14%
2016 10-1
14%
2017 10-1
14%
2022 10-1
14%
2002 10-3
14%
2003 10-3
14%
2023 10-3
14%
2000 10-4
14%
2005 10-4
14%
2010 10-4
14%
2014 10-4
14%
2021 10-4
14%
2023 10-4
14%
2001 10-5
14%
2005 10-5
14%
2009 10-5
14%
2010 10-5
14%
2023 10-5
14%
2006 10-6
14%
2010 10-6
14%
2012 10-6
14%
2013 10-6
14%
2018 10-6
14%
2001 1-1
14%
2002 1-1
14%
2006 1-1
14%
2009 1-1
14%
2010 1-1
14%
2011 1-1
14%
2012 1-1
14%
2013 1-1
14%
2014 1-1
14%
2015 1-1
14%
2016 1-1
14%
2017 1-1
14%
2018 1-1
14%
2019 1-1
14%
2020 1-1
14%
2021 1-1
14%
2024 1-1
14%
2004 11-1
14%
2007 11-1
14%
2008 11-1
14%
2016 11-1
14%
2022 11-1
14%
2008 11-2
14%
2016 11-2
14%
2017 11-2
14%
2024 11-2
14%
2002 11-3
14%
2003 11-3
14%
2008 11-3
14%
2000 11-4
14%
2003 11-4
14%
2014 11-4
14%
2021 11-4
14%
2001 11-5
14%
2005 11-5
14%
2009 11-5
14%
2021 11-5
14%
2023 11-5
14%
2003 1-2
14%
2012 1-2
14%
2013 1-2
14%
2015 1-2
14%
2018 1-2
14%
2019 1-2
14%
2020 1-2
14%
2004 12-1
14%
2007 12-1
14%
2022 12-1
14%
2007 12-2
14%
2016 12-2
14%
2017 12-2
14%
2024 12-2
14%
2002 12-3
14%
2008 12-3
14%
2024 12-3
14%
2000 12-4
14%
2002 12-4
14%
2003 12-4
14%
2008 12-4
14%
2014 12-4
14%
2013 1-3
14%
2020 1-3
14%
2004 13-1
14%
2022 13-1
14%
2004 13-2
14%
2007 13-2
14%
2016 13-2
14%
2017 13-2
14%
2022 13-2
14%
2004 13-3
14%
2007 13-3
14%
2016 13-3
14%
2017 13-3
14%
2022 13-3
14%
2024 13-3
14%
2020 1-4
14%
2020 1-5
14%
2000 2-0
14%
2004 2-0
14%
2005 2-0
14%
2007 2-0
14%
2008 2-0
14%
2022 2-0
14%
2023 2-0
14%
2001 2-1
14%
2002 2-1
14%
2005 2-1
14%
2006 2-1
14%
2009 2-1
14%
2010 2-1
14%
2011 2-1
14%
2014 2-1
14%
2016 2-1
14%
2017 2-1
14%
2021 2-1
14%
2023 2-1
14%
2024 2-1
14%
2001 2-2
14%
2003 2-2
14%
2009 2-2
14%
2010 2-2
14%
2012 2-2
14%
2015 2-2
14%
2018 2-2
14%
2019 2-2
14%
2024 2-2
14%
2003 2-3
14%
2012 2-3
14%
2013 2-3
14%
2015 2-3
14%
2018 2-3
14%
2015 2-4
14%
2000 3-0
14%
2004 3-0
14%
2007 3-0
14%
2008 3-0
14%
2022 3-0
14%
2000 3-1
14%
2002 3-1
14%
2005 3-1
14%
2006 3-1
14%
2011 3-1
14%
2014 3-1
14%
2016 3-1
14%
2017 3-1
14%
2021 3-1
14%
2023 3-1
14%
2000 3-2
14%
2001 3-2
14%
2002 3-2
14%
2005 3-2
14%
2009 3-2
14%
2010 3-2
14%
2011 3-2
14%
2019 3-2
14%
2023 3-2
14%
2024 3-2
14%
2001 3-3
14%
2003 3-3
14%
2012 3-3
14%
2013 3-3
14%
2018 3-3
14%
2019 3-3
14%
2012 3-4
14%
2013 3-4
14%
2015 3-4
14%
2018 3-4
14%
2019 3-4
14%
2012 3-5
14%
2013 3-5
14%
2015 3-5
14%
2018 3-5
14%
2012 3-6
14%
2004 4-0
14%
2007 4-0
14%
2008 4-0
14%
2022 4-0
14%
2006 4-1
14%
2008 4-1
14%
2014 4-1
14%
2016 4-1
14%
2017 4-1
14%
2021 4-1
14%
2000 4-2
14%
2002 4-2
14%
2005 4-2
14%
2006 4-2
14%
2009 4-2
14%
2010 4-2
14%
2011 4-2
14%
2023 4-2
14%
2024 4-2
14%
2001 4-3
14%
2003 4-3
14%
2006 4-3
14%
2010 4-3
14%
2006 4-4
14%
2019 4-4
14%
2013 4-5
14%
2015 4-5
14%
2018 4-5
14%
2012 4-6
14%
2015 4-6
14%
2004 5-0
14%
2007 5-0
14%
2022 5-0
14%
2007 5-1
14%
2008 5-1
14%
2014 5-1
14%
2016 5-1
14%
2017 5-1
14%
2021 5-1
14%
2000 5-2
14%
2002 5-2
14%
2005 5-2
14%
2009 5-2
14%
2011 5-2
14%
2023 5-2
14%
2024 5-2
14%
2001 5-3
14%
2003 5-3
14%
2010 5-3
14%
2023 5-3
14%
2006 5-4
14%
2019 5-4
14%
2006 5-5
14%
2013 5-5
14%
2018 5-5
14%
2019 5-5
14%
2006 5-6
14%
2012 5-6
14%
2015 5-6
14%
2019 5-6
14%
2004 6-0
14%
2022 6-0
14%
2007 6-1
14%
2008 6-1
14%
2014 6-1
14%
2016 6-1
14%
2017 6-1
14%
2021 6-1
14%
2000 6-2
14%
2002 6-2
14%
2005 6-2
14%
2009 6-2
14%
2011 6-2
14%
2014 6-2
14%
2021 6-2
14%
2024 6-2
14%
2001 6-3
14%
2002 6-3
14%
2003 6-3
14%
2005 6-3
14%
2009 6-3
14%
2010 6-3
14%
2011 6-3
14%
2014 6-3
14%
2023 6-3
14%
2001 6-4
14%
2011 6-4
14%
2011 6-5
14%
2013 6-5
14%
2018 6-5
14%
2006 6-6
14%
2011 6-6
14%
2012 6-6
14%
2004 7-0
14%
2022 7-0
14%
2004 7-1
14%
2007 7-1
14%
2008 7-1
14%
2016 7-1
14%
2017 7-1
14%
2000 7-2
14%
2021 7-2
14%
2024 7-2
14%
2000 7-3
14%
2002 7-3
14%
2003 7-3
14%
2005 7-3
14%
2009 7-3
14%
2010 7-3
14%
2014 7-3
14%
2021 7-3
14%
2023 7-3
14%
2000 7-4
14%
2001 7-4
14%
2005 7-4
14%
2010 7-4
14%
2021 7-4
14%
2013 7-5
14%
2018 7-5
14%
2006 7-6
14%
2011 7-6
14%
2012 7-6
14%
2011 7-7
14%
2015 7-7
14%
2019 7-7
14%
2004 8-1
14%
2007 8-1
14%
2008 8-1
14%
2016 8-1
14%
2017 8-1
14%
2022 8-1
14%
2024 8-2
14%
2002 8-3
14%
2003 8-3
14%
2009 8-3
14%
2014 8-3
14%
2023 8-3
14%
2000 8-4
14%
2001 8-4
14%
2005 8-4
14%
2009 8-4
14%
2010 8-4
14%
2014 8-4
14%
2021 8-4
14%
2009 8-5
14%
2013 8-5
14%
2018 8-5
14%
2006 8-6
14%
2012 8-6
14%
2013 8-6
14%
2018 8-6
14%
2011 8-7
14%
2015 8-7
14%
2019 8-7
14%
2004 9-1
14%
2007 9-1
14%
2008 9-1
14%
2016 9-1
14%
2017 9-1
14%
2022 9-1
14%
2002 9-3
14%
2003 9-3
14%
2023 9-3
14%
2000 9-4
14%
2001 9-4
14%
2005 9-4
14%
2010 9-4
14%
2014 9-4
14%
2021 9-4
14%
2001 9-5
14%
2009 9-5
14%
2006 9-6
14%
2012 9-6
14%
2013 9-6
14%
2018 9-6
14%
2011 9-7
14%
2015 9-7
14%
2019 9-7
14%
2017 10-2
7%
2024 10-2
7%
2021 12-5
7%
2023 12-5
7%
2022 14-3
7%
2024 14-3
7%
2020 2-5
7%
2020 2-6
7%
2020 2-7
7%
2020 3-7
7%
2020 4-7
7%
2015 5-7
7%
2019 5-7
7%
2020 5-7
7%
2015 6-7
7%
2019 6-7
7%
2020 6-7
7%
2020 6-8
7%
2020 6-9
7%
2020 7-9
7%
2022 8-0
7%
2024 9-2
7%
No matching quizzes found
Score Distribution
Percent of People with Each Score
Percentile by Number Answered
Your Score History
You have not taken this quiz